[Event "Kuala Lumpur DYTM op"]
[Site "Kuala Lumpur"]
[Date "2012.09.20"]
[Round "6"]
[White "Chakravarti, K."]
[Black "Bernardino J, Almario"]
[Result "0-1"]
[WhiteElo "1993"]
[BlackElo "2158"]
[PlyCount "76"]
[EventDate "2012.09.18"]
[EventType "swiss"]
[EventRounds "9"]
[EventCountry "MAS"]
[SourceTitle "CBM 150 Extra"]
[Source "ChessBase"]
[SourceDate "2012.10.19"]
[SourceVersion "1"]
[SourceVersionDate "2012.10.19"]
[SourceQuality "1"]

1. e4 c5 2. Nf3 e6 3. d4 cxd4 4. Nxd4 a6 5. Nc3 Qc7 6. Be2 Nf6 7. 0-0 h5 8. f4 d6 9. Kh1 Nbd7 10. Bf3 e5 11. Nf5 b5 12. fxe5 Nxe5 13. Bg5 Nfg4 14. Nd5 Qb7 15. a4 f6 16. Bf4 Nxf3 17. Qxf3 Ne5 18. Bxe5 dxe5 19. axb5 Kf7 20. b6 Bd7 21. Nc7 Rc8 22. Qb3+ Kg6 23. Rad1 Bc6 24. Nd5 a5 25. Rd3 a4 26. Rg3+ Kh7 27. Qd3 Ra8 28. Rh3 Qf7 29. Ng3 Kg8 30. Qd1 Be8 31. Nc7 Rb8 32. Nxe8 Qxe8 33. Nxh5 Rxb6 34. Qd5+ Qe6 35. Qxe6+ Rxe6 36. c3 Rb6 37. Ng3 Rxh3 38. gxh3 Rxb2 0-1